[Event "Czerniak Memorial 14th"]
[Site "Tel Aviv"]
[Date "1998.04.12"]
[Round "4"]
[White "Skripchenko, Almira"]
[Black "Kaspi, Alexander"]
[Result "1-0"]
[WhiteElo "2400"]
[BlackElo "2525"]
[PlyCount "101"]
[EventDate "1998.04.09"]
[EventType "tourn"]
[EventRounds "9"]
[EventCountry "ISR"]
[EventCategory "9"]
[SourceTitle "CBM 065"]
[Source "ChessBase"]
[SourceDate "1998.08.06"]
[SourceVersion "1"]
[SourceVersionDate "1998.08.06"]
[SourceQuality "1"]

1. e4 c5 2. Nf3 d6 3. Bb5+ Nd7 4. O-O Ngf6 5. Re1 a6 6. Bf1 e5 7. c3 Be7 8. d4
O-O 9. a4 b6 10. dxe5 dxe5 11. c4 Bb7 12. Nc3 Qc7 13. Bg5 Rfd8 14. Qb3 h6 15.
Bd2 Nf8 16. a5 bxa5 17. Nd5 Bxd5 18. cxd5 Rdb8 19. Qc2 N6d7 20. Bxa5 Qd6 21.
Nd2 Ng6 22. g3 Bd8 23. Nc4 Qf6 24. Bc3 Qe7 25. Bh3 Ngf8 26. Ra2 Ra7 27. Rea1
Rba8 28. Qd3 f6 29. f4 exf4 30. gxf4 Ng6 31. Qg3 Qxe4 32. Nd2 Qxf4 33. Qxg6
Qe3+ 34. Kg2 Bc7 35. Be6+ Kh8 36. Qe4 Qg5+ 37. Kh1 Qh5 38. Nf3 Nf8 39. Bg4 Qf7
40. Rg1 Re8 41. Qd3 Rd8 42. Rd1 a5 43. Nh4 Bb8 44. b3 Bc7 45. Qf3 Ra6 46. Bh5
Qd7 47. Ng6+ Nxg6 48. Bxg6 Rd6 49. Bf5 Qb5 50. Bc2 Kg8 51. Qd3 1-0

[Event "Groningen op"]
[Site "Groningen"]
[Date "1998.12.29"]
[Round "9"]
[White "Skripchenko, Almira"]
[Black "Ye, Rongguang"]
[Result "1-0"]
[WhiteElo "2420"]
[BlackElo "2535"]
[PlyCount "39"]
[EventDate "1998.12.??"]
[EventType "swiss"]
[EventRounds "11"]
[EventCountry "NED"]
[SourceTitle "EXT 2000"]
[Source "ChessBase"]
[SourceDate "1999.11.16"]
[SourceVersion "1"]
[SourceVersionDate "1999.11.16"]
[SourceQuality "1"]

1. e4 e5 2. Nf3 Nc6 3. Nc3 d6 4. d4 Bg4 5. Bb5 exd4 6. Qxd4 Nge7 7. Bg5 a6 8.
Bxc6+ Nxc6 9. Qe3 Be7 10. Bxe7 Nxe7 11. O-O-O O-O 12. h3 Bc8 13. g4 b5 14. Nd4
b4 15. Nce2 d5 16. Nf5 Re8 17. Neg3 Bb7 18. Nxg7 Kxg7 19. Nh5+ Kg6 20. Qd4 1-0

[Event "Pamplona op"]
[Site "Pamplona"]
[Date "2000.??.??"]
[Round "7"]
[White "Conquest, Stuart"]
[Black "Skripchenko, Almira"]
[Result "0-1"]
[WhiteElo "2563"]
[BlackElo "2444"]
[PlyCount "78"]
[EventDate "2000.??.??"]
[EventType "swiss"]
[EventRounds "9"]
[EventCountry "ESP"]
[SourceTitle "EXT 2001"]
[Source "ChessBase"]
[SourceDate "2000.11.22"]
[SourceVersion "1"]
[SourceVersionDate "2000.11.22"]
[SourceQuality "1"]

1. Nf3 c5 2. e4 e6 3. Nc3 Nc6 4. Bb5 Nge7 5. O-O a6 6. Bxc6 Nxc6 7. d4 cxd4 8.
Nxd4 Qc7 9. Kh1 b5 10. Be3 Bb7 11. Qe2 Ne5 12. Rad1 Be7 13. f4 Nc4 14. Bc1 b4
15. Nb1 O-O 16. Rd3 Nd6 17. Nd2 f5 18. e5 Nb5 19. Rd1 Rfd8 20. N2b3 Nxd4 21.
Nxd4 Rac8 22. Rh3 g6 23. b3 Be4 24. Bb2 Bc5 25. c4 bxc3 26. Bxc3 Qb6 27. Rg3
Kf7 28. Nf3 Be7 29. Nd2 Bd5 30. Nc4 Qb5 31. Nd6+ Bxd6 32. Qxb5 axb5 33. exd6
Rc6 34. Be5 Ra8 35. Rh3 h5 36. Rg3 Rxa2 37. h3 Rcc2 38. Rg1 h4 39. Rg5 Bxb3 0-1

[Event "World Women-ch k.o."]
[Site "New Delhi"]
[Date "2000.12.04"]
[Round "3.2"]
[White "Skripchenko, Almira"]
[Black "Galliamova, Alisa"]
[Result "1-0"]
[WhiteElo "2450"]
[BlackElo "2526"]
[PlyCount "83"]
[EventDate "2000.11.27"]
[EventType "k.o."]
[EventRounds "6"]
[EventCountry "IND"]
[SourceTitle "CBM 079 Extra"]
[Source "ChessBase"]
[SourceDate "2001.01.11"]
[SourceVersion "2"]
[SourceVersionDate "2001.01.25"]
[SourceQuality "1"]

1. e4 c5 2. Nc3 Nc6 3. f4 e6 4. Nf3 d5 5. e5 Nge7 6. g3 Nf5 7. Bg2 h5 8. d3 b6
9. Ne2 Bb7 10. c3 d4 11. h3 dxc3 12. bxc3 Qd7 13. O-O Rd8 14. Ne1 Nce7 15. Bxb7
Qxb7 16. Qa4+ Rd7 17. Qe4 Nd5 18. a3 c4 19. d4 h4 20. g4 Ng3 21. Nxg3 hxg3 22.
Bd2 Rxh3 23. Nf3 b5 24. f5 Nb6 25. Qb1 Qc6 26. Kg2 Rh8 27. Kxg3 exf5 28. gxf5
g6 29. f6 Kd8 30. Rh1 Rg8 31. Ng5 a5 32. Rh7 Qd5 33. Qh1 Qxh1 34. Raxh1 Bxa3
35. Nxf7+ Kc8 36. e6 Rc7 37. Bf4 Nd5 38. Bxc7 Nxc7 39. Rh8 Rxh8 40. Rxh8+ Kb7
41. e7 b4 42. Nd8+ 1-0

[Event "North Urals Cup (Women) 1st"]
[Site "Krasnoturinsk"]
[Date "2003.08.14"]
[Round "6"]
[White "Skripchenko, Almira"]
[Black "Kosintseva, Nadezhda"]
[Result "1-0"]
[WhiteElo "2489"]
[BlackElo "2427"]
[PlyCount "87"]
[EventDate "2003.08.09"]
[EventType "tourn"]
[EventRounds "7"]
[EventCountry "RUS"]
[EventCategory "8"]
[SourceTitle "CBM 095 Extra"]
[Source "ChessBase"]
[SourceDate "2003.09.04"]
[SourceVersion "1"]
[SourceVersionDate "2003.09.04"]
[SourceQuality "1"]

1. e4 c5 2. d3 Nc6 3. g3 g6 4. Bg2 Bg7 5. f4 d6 6. Nh3 e6 7. O-O Nge7 8. g4 f5
9. gxf5 exf5 10. c3 h6 11. Nd2 O-O 12. Qb3+ Kh8 13. Nf3 Qb6 14. Be3 Qxb3 15.
axb3 Be6 16. Nd2 Rad8 17. Rfe1 b6 18. Bf2 fxe4 19. dxe4 d5 20. f5 dxe4 21. fxe6
Rxd2 22. Bxe4 Rxb2 23. Bxc6 Nxc6 24. e7 Re8 25. Re6 Rxe7 26. Rxc6 Bxc3 27. Rd1
Rxb3 28. Nf4 Kh7 29. Nd5 Rf7 30. Nxc3 Rxc3 31. Bg3 Re3 32. Rdd6 Rg7 33. Rd8 Rf7
34. Rdd6 Rg7 35. Rc8 Rf7 36. Rcc6 Rg7 37. Bh4 Re4 38. Bf6 Rf7 39. h4 Rg4+ 40.
Kh2 g5 41. h5 Rh4+ 42. Kg3 Rxh5 43. Bb2 Rh4 44. Rd8 1-0

[Event "BL 0304 (Women)"]
[Site "Germany"]
[Date "2003.11.29"]
[Round "3.1"]
[White "Skripchenko, Almira"]
[Black "Michna, Marta"]
[Result "1-0"]
[WhiteElo "2489"]
[BlackElo "2429"]
[PlyCount "145"]
[EventDate "2003.11.29"]
[EventType "team-tourn"]
[EventRounds "11"]
[EventCountry "GER"]
[SourceTitle "EXT 2005"]
[Source "ChessBase"]
[SourceDate "2004.11.15"]
[SourceVersion "1"]
[SourceVersionDate "2004.11.15"]
[SourceQuality "1"]
[WhiteTeam "Baden Oos (W)"]
[BlackTeam "Hamburg"]
[WhiteTeamCountry "GER"]
[BlackTeamCountry "GER"]

1. e4 d6 2. d4 g6 3. Nc3 Bg7 4. Be3 a6 5. f4 e6 6. Nf3 Ne7 7. Qd2 Nd7 8. Bd3 b5
9. a4 b4 10. Ne2 c5 11. O-O Qc7 12. Ng3 Bb7 13. f5 exf5 14. exf5 Bxf3 15. Rxf3
cxd4 16. Bh6 Bxh6 17. Qxh6 Ne5 18. Rff1 Kd7 19. Qf4 Nd5 20. Qxd4 Qa7 21. Qxa7+
Rxa7 22. Be4 Ne3 23. Rfe1 N3g4 24. Rad1 a5 25. Rd4 Rd8 26. Bf3 h5 27. Bd5 Ke7
28. Bb3 Nf6 29. fxg6 fxg6 30. Rf4 Rf8 31. Rd1 Rc7 32. Ne2 d5 33. Nd4 Nfd7 34.
Rxf8 Nxf8 35. Re1 Nfd7 36. Bxd5 Rc5 37. Be4 Kf7 38. Nb3 Rc7 39. Nxa5 Ra7 40.
Nc6 Rxa4 41. b3 Ra3 42. Nxb4 Nf6 43. Bd5+ Nxd5 44. Nxd5 Ke6 45. Ne3 Kd6 46.
Rd1+ Ke6 47. Rd4 Ra1+ 48. Kf2 Rc1 49. h3 Nf7 50. Rd1 Rxd1 51. Nxd1 Ke5 52. Ke2
Nd6 53. c3 Ke4 54. g3 h4 55. Nf2+ Ke5 56. gxh4 Kf4 57. c4 Nf5 58. b4 Nxh4 59.
b5 Ke5 60. Kd3 Ng2 61. Ng4+ Kd6 62. Kd4 Nf4 63. c5+ Kc7 64. Nf2 g5 65. Ke5 Kd7
66. Kf5 Ne2 67. Kxg5 Nd4 68. Kf6 Nxb5 69. h4 Nc7 70. h5 Nd5+ 71. Kf7 Nf4 72. h6
Ne6 73. h7 1-0

[Event "North Urals Cup (Women) 2nd"]
[Site "Krasnoturinsk"]
[Date "2004.07.31"]
[Round "8"]
[White "Skripchenko, Almira"]
[Black "Krush, Irina"]
[Result "1-0"]
[WhiteElo "2453"]
[BlackElo "2459"]
[PlyCount "85"]
[EventDate "2004.07.24"]
[EventType "tourn"]
[EventRounds "9"]
[EventCountry "RUS"]
[EventCategory "9"]
[SourceTitle "CBM 103"]
[Source "ChessBase"]
[SourceDate "2004.11.11"]
[SourceVersion "1"]
[SourceVersionDate "2004.11.11"]
[SourceQuality "1"]

1. e4 c5 2. Nf3 d6 3. Bb5+ Nd7 4. d4 Ngf6 5. O-O a6 6. Bxd7+ Nxd7 7. Nc3 cxd4
8. Qxd4 e6 9. Rd1 f6 10. Qc4 Nb6 11. Qd3 Qc7 12. b3 Nd7 13. Nd4 Ne5 14. Qg3 Kf7
15. a4 Be7 16. Nce2 Bd7 17. Be3 Nc6 18. c4 Rab8 19. f4 Nxd4 20. Nxd4 f5 21.
exf5 exf5 22. Nf3 Bf6 23. Bd4 Bxd4+ 24. Rxd4 Rhe8 25. Rad1 Qc5 26. Qf2 Bc6 27.
Rxd6 Qxf2+ 28. Kxf2 Bxf3 29. Kxf3 Re7 30. Rd7 Rbe8 31. R1d6 g6 32. a5 Kg7 33.
b4 Kh6 34. Rxe7 Rxe7 35. Rb6 Kh5 36. c5 Rc7 37. g3 h6 38. h3 Rg7 39. Rd6 Rh7
40. g4+ Kh4 41. Rxg6 Kxh3 42. gxf5 h5 43. f6 1-0